| 000 | 00371pab a2200145 454500 | ||
|---|---|---|---|
| 008 | 180718b1987 xxu||||| |||| 00| 0 eng d | ||
| 100 | _aMatthews, Bruce | ||
| 245 |
_aDevolution of power in Sri Lanka _bThe problems of implementation |
||
| 260 | _c1987 | ||
| 300 | _a74-92 | ||
| 362 | _aJan. | ||
| 650 | _aSri Lanka - Politics | ||
| 773 | _aRound Table | ||
| 909 | _a18905 | ||
| 999 |
_c18905 _d18905 |
||